000 00564cam a22002053a 4500
001 34420
003 PGUSA
005 20140828083737.0
008 101123s2010||||xxu|||||s|||||000 | eng d
040 _aPGUSA
_beng
042 _adc
100 1 _aBudrys, Algis,
_d1931-2008
245 1 0 _aRiya's Foundling
_h[electronic resource] /
_cAlgis Budrys
260 _bProject Gutenberg,
_c2010
506 _aPublic domain in the USA.
516 _aElectronic text
830 0 _aProject Gutenberg
_v34420
856 4 0 _uhttp://www.gutenberg.org/ebooks/34420
942 _cEB
999 _c263675
_d263675